| 000 | 00678nam a22001817a 4500 | ||
|---|---|---|---|
| 999 |
_c57289 _d57289 |
||
| 005 | 20200207172729.0 | ||
| 008 | 200207s1970ru xxu||||| |||| 00| 0 rus d | ||
| 041 | _arus | ||
| 080 | _a620.10(075.8) Ф-33 | ||
| 100 |
_aФеодосьев. В.И _96879 |
||
| 245 |
_aСопротивление материалов : _bУчебник / _cВ.И. Феодосьев ; ред . И. К. Снитко. |
||
| 264 |
_aМосква : _bНаука, _c1970. |
||
| 300 |
_a544 с.: _c22 cm. |
||
| 653 | _aმასალათა გამძლეობა | ||
| 653 | _aტექნიკა | ||
| 700 |
_a Снитко, И. К _eრედაქტორი _96880 |
||
| 942 |
_2udc _cBK |
||